Nba MVPs per year - Statistics

General Stats
  • This quiz has been taken 25 times
  • The average score is 36 of 78
Answer Stats
Hint Answer % Correct
2022 Embiid
91%
2014 James
91%
2021 Jokic
91%
2016 Harden
87%
1971 West
87%
2019 Curry
83%
2013 Westbrook
83%
2015 Durant
78%
2011 Bryant
74%
2007 Duncan
74%
2003 Jordan
74%
2005 O'Neal
74%
2008 Garnett
70%
2001 Olajuwon
70%
2018 Antetokounmpo
65%
2000 Barkley
65%
1989 Chamberlain
65%
2010 Nowitzki
65%
1988 Russell
65%
1979 Thomas
65%
1998 Bird
61%
2009 Nash
61%
1987 Robertson
61%
2012 Rose
61%
1981 Wade
61%
2006 Iverson
57%
2017 Leonard
57%
1982 Parker
57%
1963 Pippen
57%
2002 Robinson
57%
1995 Abdul-Jabbar
52%
1985 Cousy
52%
1962 Stockton
52%
Baylor
48%
1999 Earvin Johnson Jr.
48%
1996 Erving
48%
Mikan
48%
1986 Pettit
48%
2020 Tatum
48%
1980 Billups
43%
1954 Frazier
43%
2004 Karl Malone
43%
1968 Paul
43%
1983 Pierce
43%
1993 Walton
43%
1978 Dumars
39%
1991 Reed
39%
1990 Unseld
39%
1977 Worthy
39%
1973 Barry
35%
1970 Davis
35%
1984 Iguodala
35%
1969 Irving
35%
1997 Moses Malone
35%
1994 Cowens
30%
1972 Havlicek
30%
1992 McAdoo
30%
Arizin
26%
1958 Gervin
26%
1976 Maxwell
26%
1956 Smith
26%
1967 Smith
26%
1957 Thompson
26%
1961 Chambers
22%
1951 Greer
22%
1965 Rice
17%
1974 White
17%
1959 Archibald
13%
1975 Dennis Johnson
13%
1953 Lanier
13%
1966 Lucas
13%
1964 Richmond
13%
1960 Sampson
13%
Sharman
13%
1955 Bing
9%
2023 NULL
9%
1952 Wilkens
9%
Macauley
4%
No matching quizzes found
Score Distribution
Percent of People with Each Score
Percentile by Number Answered
Your Score History
You have not taken this quiz